Apuntes caprinos / Alejandro Tabar Gómez (Registro nro. 4006)

Detalles MARC
000 -LEADER
fixed length control field 00487nam a22001811a 4500
001 - CONTROL NUMBER
control field 4006
003 - CONTROL NUMBER IDENTIFIER
control field OSt
005 - DATE AND TIME OF LATEST TRANSACTION
control field 20260204211912.0
008 - FIXED-LENGTH DATA ELEMENTS--GENERAL INFORMATION
fixed length control field 050601s1979||||RD ||||||b||||||||||x ||
050 ## - LIBRARY OF CONGRESS CALL NUMBER
Classification number RD 636.2 T551a
100 ## - ASIENTO PRINCIPAL -- NOMBRE PERSONAL
Personal name Tabar Gomez, Alejandro
245 ## - TÍTULO PROPIAMENTE DICHO: SUBTÍTULO
Title Apuntes caprinos / Alejandro Tabar Gómez
264 ## - PRODUCTION, PUBLICATION, DISTRIBUTION, MANUFACTURE, AND COPYRIGHT NOTICE
Place of production, publication, distribution, manufacture Santo Domingo: Secretaría de Estado de Agricultura
300 ## - PHYSICAL DESCRIPTION
Extensión 52 p
500 ## - GENERAL NOTE
General note Incluye indice.
650 ## - ASIENTO SECUNDARIO DE MATERIA -- TERMINO TEMÁTICO
Termino Temático Como Elemento de Entrada Ganado - Producción AnimalÌ
942 ## - ADDED ENTRY ELEMENTS (KOHA)
Source of classification or shelving scheme Dewey Decimal Classification
Koha item type Libros
Existencias
Withdrawn status Lost status Source of classification or shelving scheme Damaged status Not for loan Current library Date acquired Full call number Barcode Date last seen Price effective from Koha item type Total Checkouts
    Dewey Decimal Classification Dañado   Biblioteca UTECO 09/09/2019 RD 636.2 T551A 008697 09/09/2019 09/09/2019 Libros  
    Dewey Decimal Classification     Biblioteca UTECO 09/09/2019 RD 636.2 T551A 008698 09/09/2019 09/09/2019 Libros  
© 2021 Derechos Reservados UTECO - Teléfono: +1 809-585-2291 - Correo electrónico: biblioteca@uteco.edu.do​  
Código postal 43000 ​​
Dirección: Avenida Universitaria No. 100, 
Cotuí, Provincia Sánchez Ramírez, República Dominicana - RNC: 404-00059-6